[Event "Just Married! - Vigh Reni and Ursus"]
[Site "SchemingMind.com"]
[Date "2009.01.04"]
[Round "-"]
[White "jl1234"]
[Black "Han Solo"]
[Result "0-1"]
[WhiteCountry "POL"]
[BlackCountry "HUN"]
[WhiteElo "1779"]
[WhiteRD "66"]
[BlackElo "2023"]
[BlackRD "76"]
[GameID "185596"]

1. e4 d5 2. exd5 Qxd5 3. d3 e5 4. Nc3 Qa5 5. Bd2 Bb4 6. a3 Bxc3 7. Bxc3 Qd5 8. Qh5 Nc6 9. Nf3 Nf6 10. Qg5 O-O
11. Be2 Re8 12. O-O h6 13. Qh4 Nd4 14. Nxd4 exd4 15. Bf3 Qd6 16. Qxd4 Qxd4 17. Bxd4 c6 18. Rfe1 Be6 19. Bxf6 gxf6 20. Re3 Kg7
21. Rae1 Red8 22. c3 Rac8 23. Bd1 Rd6 24. f4 c5 25. Bf3 Rcd8 26. Rd1 a5 27. Rd2 b6 28. Kf2 Kg6 29. Be4+ f5 30. Bf3 Bc4
31. Be2 a4 32. Bd1 Bb5 33. c4 Bxc4 34. Bxa4 Rd4 35. g3 Bxd3 36. Bb3 c4 37. Ba4 Be4 38. Rxd4 Rxd4 39. Ke1 c3 40. Rxc3 Rxa4
41. b4 Ra8 42. Ke2 Rd8
0-1

[Event "Just Married! - Vigh Reni and Ursus"]
[Site "SchemingMind.com"]
[Date "2009.01.15"]
[Round "-"]
[White "Bury"]
[Black "Shaka"]
[Result "0-1"]
[WhiteCountry "POL"]
[BlackCountry "VEN"]
[WhiteElo "1429"]
[WhiteRD "85"]
[BlackElo "1835"]
[BlackRD "69"]
[GameID "187218"]

1. e4 d5 2. exd5 Qxd5 3. Nc3 Qa5 4. Nf3 Nf6 5. d4 c6 6. Bc4 Bg4 7. h3 Bh5 8. g4 Bg6 9. Ne5 e6 10. Bg5 Nbd7
11. Nxg6 hxg6 12. Bxf6 Nxf6 13. Qd3 b5 14. Bb3 Qb6 15. O-O-O a5 16. a3 Nd5 17. Bxd5 exd5 18. Rhe1+ Be7 19. Qe3 Ra7 20. f4 Qc7
21. Rd3 b4 22. Ne2 O-O 23. a4 Rb8 24. c3 bxc3
0-1

[Event "Just Married! - Vigh Reni and Ursus"]
[Site "SchemingMind.com"]
[Date "2009.01.15"]
[Round "-"]
[White "Shaka"]
[Black "Bury"]
[Result "1-0"]
[WhiteCountry "VEN"]
[BlackCountry "POL"]
[WhiteElo "1835"]
[WhiteRD "69"]
[BlackElo "1429"]
[BlackRD "85"]
[GameID "187227"]

1. e4 d5 2. exd5 Qxd5 3. Nc3 Qe5+ 4. Qe2 Qxe2+ 5. Bxe2 Nf6 6. Nf3 Nc6 7. O-O Bg4 8. h3 Bf5 9. Bd1 e6 10. a3 a6
11. b4 Bd6 12. Bb2 Be5 13. Nxe5 Nxe5 14. Re1 Nc6 15. Na4 b5 16. Nc5 O-O 17. Bf3 Nd5 18. d3 f6 19. c4 Nf4 20. Bxc6 Rad8
21. Rad1 Rd6 22. Bf3 Nxd3 23. Nxd3 Bxd3 24. Re3 Bxc4 25. Rxd6
1-0

[Event "Just Married! - Vigh Reni and Ursus"]
[Site "SchemingMind.com"]
[Date "2009.02.03"]
[Round "-"]
[White "Ursus"]
[Black "Fred Fanelli"]
[Result "1-0"]
[WhiteCountry "INT"]
[BlackCountry "USA"]
[WhiteElo "1697"]
[WhiteRD "80"]
[BlackElo "1463"]
[BlackRD "83"]
[GameID "190426"]

1. e4 d5 2. exd5 Nf6 3. d4 Nxd5 4. c4 Nf6 5. Nc3 h6 6. Nf3 e6 7. Be2 c5 8. d5 exd5 9. cxd5 Nxd5 10. Qxd5 Qxd5
11. Nxd5 Bd6 12. O-O O-O 13. Be3 Be6 14. Nc3 Nc6 15. Ne4 Be7 16. Nxc5 Bc8 17. Rfd1 b6 18. Ne4 Be6 19. Rac1 Nb4 20. a3 Na6
21. Bxa6
1-0

[Event "Just Married! - Vigh Reni and Ursus"]
[Site "SchemingMind.com"]
[Date "2009.02.03"]
[Round "-"]
[White "Fred Fanelli"]
[Black "Ursus"]
[Result "0-1"]
[WhiteCountry "USA"]
[BlackCountry "INT"]
[WhiteElo "1483"]
[WhiteRD "89"]
[BlackElo "1713"]
[BlackRD "81"]
[GameID "190435"]

1. e4 d5 2. exd5 Qxd5 3. Nc3 Qa5 4. d3 Nf6 5. Qd2 Bf5 6. Nge2 e6 7. a3 c6 8. b4 Qc7 9. Bb2 Bd6 10. Ng3 Bg6
11. Be2 Nbd7 12. O-O O-O 13. Rfe1 Rfd8 14. Nce4 Be5 15. Bxe5 Nxe5 16. f4 Qb6+ 17. Kh1 Neg4 18. Bxg4 Nxg4 19. h3 Bxe4 20. Nxe4 Nf6
21. Nxf6+ gxf6 22. Qe3 Qxe3 23. Rxe3 Rd4 24. g3 Rad8 25. Rd1 Kg7 26. Kg2 Kg6 27. Kf2 Kf5 28. Kf3 e5 29. g4+ Ke6 30. f5+ Ke7
31. Re4 Rxe4 32. Kxe4 Rd4+ 33. Ke3 b5 34. c3 Rd8 35. Ke2 a5 36. Rd2 h5 37. Ke3 axb4 38. axb4 Rg8 39. Rg2 Kd6 40. Ke4 c5
41. Rg3 cxb4 42. cxb4 Ra8 43. Rg2 Ra1 44. gxh5 Rb1 45. h6 Rxb4+ 46. Kf3 Rh4 47. Rb2 Rxh3+ 48. Kg4 Rxh6 49. Rxb5 Kc6 50. Rb1 Rh8
51. Rb4 Rd8 52. Rb3 Rd4+ 53. Kg3 Rf4 54. Rc3+ Kd6
0-1

[Event "Just Married! - Vigh Reni and Ursus"]
[Site "SchemingMind.com"]
[Date "2009.02.11"]
[Round "-"]
[White "Phil Cook"]
[Black "Fiesty 50"]
[Result "0-1"]
[WhiteCountry "NZL"]
[BlackCountry "ENG"]
[WhiteElo "1955"]
[WhiteRD "99"]
[BlackElo "2286"]
[BlackRD "119"]
[GameID "191802"]

1. e4 d5 2. exd5 Qxd5 3. Nc3 Qa5 4. d4 Nf6 5. Nf3 Bf5 6. Bc4 c6 7. O-O e6 8. Nh4 Bg4 9. f3 Bh5 10. g4 Bg6
11. f4 Bb4 12. g5 Bxc3 13. bxc3 Qxc3 14. f5 Qxc4 15. fxg6 hxg6 16. gxf6 gxf6 17. Ng2 Nd7 18. Ne3 Qa6 19. Ng4 f5 20. Ne5 Nxe5
21. dxe5 Rd8 22. Qf3 Rd4 23. Bf4 g5 24. Bg3 Qc4 25. Rab1 Rd7 26. Qg2 b6 27. Bf2 Rh5 28. Be3 Rh4 29. Kh1 Rg4
0-1

[Event "Just Married! - Vigh Reni and Ursus"]
[Site "SchemingMind.com"]
[Date "2009.02.12"]
[Round "-"]
[White "Fiesty 50"]
[Black "Phil Cook"]
[Result "1-0"]
[WhiteCountry "ENG"]
[BlackCountry "NZL"]
[WhiteElo "2286"]
[WhiteRD "119"]
[BlackElo "1955"]
[BlackRD "99"]
[GameID "191809"]

1. e4 d5 2. exd5 Qxd5 3. Nc3 Qa5 4. d4 Nf6 5. Nf3 c6 6. Bc4 e6 7. O-O Bd6 8. Bg5 Nbd7 9. a3 O-O 10. Qd2 Qc7
11. a4 h6 12. Bh4 b6 13. Rfe1 Bb7 14. Rad1 a6 15. Bd3 b5 16. Qe2 Nh5 17. Ne4 Nf4 18. Qd2 Nxd3 19. Qxd3 Bf4 20. Nc5 Nxc5
21. dxc5 g5 22. Bg3 Bxg3 23. hxg3 Rfd8 24. Qc3 Rxd1 25. Rxd1 Rd8 26. Rxd8+ Qxd8 27. axb5 axb5 28. Qe5 Qd7 29. Qd6 Qe8 30. Qc7
1-0

[Event "Just Married! - Vigh Reni and Ursus"]
[Site "SchemingMind.com"]
[Date "2009.05.12"]
[Round "-"]
[White "Ursus"]
[Black "Han Solo"]
[Result "0-1"]
[WhiteCountry "INT"]
[BlackCountry "HUN"]
[WhiteElo "1726"]
[WhiteRD "90"]
[BlackElo "2110"]
[BlackRD "79"]
[GameID "204116"]

1. e4 d5 2. exd5 Qxd5 3. Nc3 Qa5 4. d4 Nf6 5. Nf3 Bf5 6. Bc4 e6 7. O-O c6 8. Bd2 Qc7 9. Re1 Bb4 10. Ne5 Nbd7
11. Bd3 Bxd3 12. Nxd3 Bd6 13. h3 O-O-O 14. Qe2 h6 15. Nd1 e5 16. dxe5 Nxe5 17. Ne3 Nxd3 18. cxd3 Rhe8 19. Qf3 Bh2+ 20. Kh1 Rxd3
21. Rad1 Be5 22. b3 Kb8 23. Ba5 Qxa5 24. Nc4 Rxf3 25. Nxa5 Rxf2 26. Nc4 Bc7
0-1

[Event "Just Married! - Vigh Reni and Ursus"]
[Site "SchemingMind.com"]
[Date "2009.05.11"]
[Round "-"]
[White "Han Solo"]
[Black "Ursus"]
[Result "1-0"]
[WhiteCountry "HUN"]
[BlackCountry "INT"]
[WhiteElo "2110"]
[WhiteRD "79"]
[BlackElo "1726"]
[BlackRD "90"]
[GameID "204122"]

1. e4 d5 2. exd5 Nf6 3. d4 Nxd5 4. c4 Nb4 5. a3 N4c6 6. Nf3 Bg4 7. Be2 Bxf3 8. Bxf3 Qxd4 9. Qxd4 Nxd4 10. Bxb7 Nc2+
11. Ke2 Nxa1 12. Bxa8 e5 13. Rd1 Nb3 14. Be3 Bd6 15. Bxa7 O-O 16. Bd5 Nd7 17. Nc3 Kh8 18. Ne4 f5 19. Nxd6 cxd6 20. Bc6 Ndc5
21. Rxd6 Rc8 22. Bxc5 Nxc5 23. b4 Nb3 24. Kd3 e4+ 25. Kc2
1-0

[Event "Just Married! - Vigh Reni and Ursus"]
[Site "SchemingMind.com"]
[Date "2009.06.03"]
[Round "-"]
[White "Fiesty 50"]
[Black "Shaka"]
[Result "1-0"]
[WhiteCountry "ENG"]
[BlackCountry "VEN"]
[WhiteElo "2319"]
[WhiteRD "103"]
[BlackElo "1776"]
[BlackRD "82"]
[GameID "206547"]

1. e4 d5 2. exd5 Qxd5 3. Nc3 Qa5 4. d4 c6 5. Bc4 Nf6 6. Bd2 Qc7 7. Nf3 Bg4 8. h3 Bh5 9. g4 Bg6 10. g5 Nfd7
11. Qe2 e6 12. d5 b5 13. dxe6 fxe6 14. Bxe6 Kd8 15. O-O-O Bd6 16. Nh4 Be8 17. Ne4 Bf4 18. Nc5 Bxd2+ 19. Qxd2 Rf8 20. Bxd7 Nxd7
21. Ne6+
1-0

[Event "Just Married! - Vigh Reni and Ursus"]
[Site "SchemingMind.com"]
[Date "2009.06.03"]
[Round "-"]
[White "Shaka"]
[Black "Fiesty 50"]
[Result "0-1"]
[WhiteCountry "VEN"]
[BlackCountry "ENG"]
[WhiteElo "1777"]
[WhiteRD "76"]
[BlackElo "2297"]
[BlackRD "106"]
[GameID "206552"]

1. e4 d5 2. exd5 Qxd5 3. Nc3 Qa5 4. d4 c6 5. Bf4 Nf6 6. Bd3 Bg4 7. f3 Bh5 8. Ne2 e6 9. O-O Be7 10. Qe1 Nbd7
11. Qg3 Bg6 12. a3 Nh5 13. Qf2 Bxd3 14. cxd3 Nxf4 15. Nxf4 O-O 16. b4 Qc7 17. Ne4 Qxf4
0-1

[Event "Just Married! - Vigh Reni and Ursus"]
[Site "SchemingMind.com"]
[Date "2009.08.24"]
[Round "-"]
[White "Faloan"]
[Black "Han Solo"]
[Result "1-0"]
[WhiteCountry "GER"]
[BlackCountry "HUN"]
[WhiteElo "2212"]
[WhiteRD "95"]
[BlackElo "2096"]
[BlackRD "84"]
[GameID "216739"]

1. e4 d5 2. exd5 Qxd5 3. Nc3 Qa5 4. d4 Nf6 5. Bc4 Bf5 6. Bd2 c6 7. Qe2 Qc7 8. Nf3 e6 9. O-O-O Bd6 10. Ne5 Bxe5
11. dxe5 Nd5 12. g4 Bg6 13. h4 h6 14. f4 Nd7 15. Rde1 O-O-O 16. f5 exf5 17. Bxd5 cxd5 18. Nb5 Qc5 19. Nd6+ Kb8 20. gxf5 Bh7
21. Rhf1 Rhf8 22. Bf4 Ka8 23. Rg1 Rg8 24. Nxf7 Rc8 25. Nd6 Rcf8 26. Qb5 Qxb5 27. Nxb5 a6 28. Nc7+ Ka7 29. e6 Nf6 30. Be5
1-0

[Event "Just Married! - Vigh Reni and Ursus"]
[Site "SchemingMind.com"]
[Date "2009.08.24"]
[Round "-"]
[White "Han Solo"]
[Black "Faloan"]
[Result "1/2-1/2"]
[WhiteCountry "HUN"]
[BlackCountry "GER"]
[WhiteElo "2096"]
[WhiteRD "84"]
[BlackElo "2212"]
[BlackRD "95"]
[GameID "216745"]

1. e4 d5 2. exd5 Qxd5 3. Nc3 Qd6 4. d4 Nf6 5. Nf3 c6 6. Bc4 Bg4 7. O-O Nbd7 8. Be3 e6 9. h3 Bh5 10. Be2 Be7
11. Qd2 Nb6 12. Bf4 Qd8 13. Ne5 Bxe2 14. Nxe2 O-O 15. c4 Nfd7 16. Rac1 Nxe5 17. Bxe5 Bf6 18. Bxf6 Qxf6 19. Rfd1 Rfe8 20. Rc3 Rad8
21. Rf3 Qe7 22. Qc3 Rd7 23. b3 Red8 24. Qa5 Nc8 25. Qc3 e5 26. Re3 Qf6 27. Re1 exd4 28. Nxd4 h6 29. Re8+=
1/2-1/2

[Event "Just Married! - Vigh Reni and Ursus"]
[Site "SchemingMind.com"]
[Date "2009.12.01"]
[Round "-"]
[White "Fiesty 50"]
[Black "Faloan"]
[Result "1-0"]
[WhiteCountry "ENG"]
[BlackCountry "GER"]
[WhiteElo "2285"]
[WhiteRD "87"]
[BlackElo "2164"]
[BlackRD "86"]
[GameID "228365"]

1. e4 d5 2. exd5 Nf6 3. d4 Bg4 4. f3 Bf5 5. Bb5+ c6 6. dxc6 Qa5+ 7. Nc3 Nxc6 8. Ne2 O-O-O 9. Bxc6 bxc6 10. O-O e5
11. Be3 Bd6 12. Qe1 Rhe8 13. Rc1 Qc7 14. Qh4 h6 15. Ng3 Bh7 16. dxe5 Bxe5 17. Bf2 Rd2 18. Qa4 Kb8 19. Nce4 Nxe4 20. Nxe4 Bxh2+
21. Kh1 Bxe4 22. Qb4+
1-0

[Event "Just Married! - Vigh Reni and Ursus"]
[Site "SchemingMind.com"]
[Date "2009.11.29"]
[Round "-"]
[White "Faloan"]
[Black "Fiesty 50"]
[Result "1/2-1/2"]
[WhiteCountry "GER"]
[BlackCountry "ENG"]
[WhiteElo "2164"]
[WhiteRD "86"]
[BlackElo "2285"]
[BlackRD "87"]
[GameID "228372"]

1. e4 d5 2. exd5 Qxd5 3. Nc3 Qa5 4. Nf3 Nf6 5. Bc4 c6 6. Qe2 Bf5 7. d3 Nbd7 8. Bd2 Qc7 9. h3 e6 10. Nd4 Qe5
11. Qxe5 Nxe5 12. Nxf5 exf5 13. Bb3 Bd6 14. O-O O-O 15. Rfe1 Rfe8 16. a3 Nfd7 17. d4 Ng6 18. Kf1 Nf6 19. Rxe8+ Rxe8 20. Re1 Rxe1+=
21. Bxe1 Nf4 22. Ne2 N4d5 23. c4 Nf4 24. Nxf4 Bxf4 25. f3 Kf8 26. Ke2 Ke7 27. Kd3 Bc7 28. g3 h6 29. Bc2 Ke6 30. b4 Nh5
31. f4 Nf6 32. a4 g5 33. fxg5=
1/2-1/2